000 00651nam a22001817a 4500
003 UA-OsUOA
001 15642
007 ta
008 20031130b un ||||| |||| 00| 0 ukr d
100 _aСтепанюк М.
942 _cSA
040 _aUA-OsUOA
_cUA-OsUOA
_dUA-OsUOA
245 _a"Древлянські джерела" з розмахом
_b[У Рівному пройшов 4 фест. традиц. нар. культури "Древлянські джерела"]
300 _aС.11
955 _a0
773 0 _w0
_tПанорама
_dРівне
_d2003
_g№35/29 серп./
650 7 _aКраєзнавча робота
_2UDC
999 _c301807
_d301807